| 000 | 01600cam a2200325 a 4500 | ||
|---|---|---|---|
| 999 |
_c63814 _d63814 |
||
| 001 | sky239879906 | ||
| 003 | SKY | ||
| 005 | 20191022091927.0 | ||
| 008 | 110808t20112011ilud b 000 0 eng | ||
| 010 | _a2011032887 | ||
| 020 | _a9780830838097 | ||
| 040 |
_aCO-MdFUSB _cCO-MdFUSB _dYDX _dCO-MdFUSB _dYDXCP _dBWX _dOXF _dMOG _dUtOrBLW _dSKYRV _dUtOrBLW _bspa _erda |
||
| 041 | _aspa | ||
| 082 |
_224 _aG 261.85 _bSH553k |
||
| 100 | 1 |
_aSherman, Amy L., _d1965- _eautor |
|
| 245 | 1 | 0 |
_aKingdom calling : _bvocational stewardship for the common good / _cAmy L. Sherman ; foreword by Reggie McNeal ; afterword by Steven Garber. |
| 264 | 1 |
_aDowners Grove, Ill. : _bIVP Books, _c[2011] |
|
| 264 | 4 | _c©2011. | |
| 300 |
_a271 páginas : _billustrations ; _c23 cm. |
||
| 336 |
_atexto _btxt _2rdacontent. |
||
| 337 |
_asin mediación _bn _2rdamedia. |
||
| 338 |
_avolumen _bnc _2rdacarrier. |
||
| 505 | 0 | _aCómo se ve una ciudad alegre?. -- ¿Cómo son los justos?. -- Por qué no somos los tsaddiqim. -- Cómo el Evangelio del reino nutre a los tsaddiqim. -- Integrando la fe y el trabajo: el statu quo es inadecuado. -- Inspiración. -- Descubrimiento. -- Formación - Desplegando el poder vocacional: cuatro caminos. -- Ruta 1: florece donde estás plantado. -- Ruta 2: dona tus habilidades. -- Ruta 3: lanza tu propia empresa social. -- Ruta 4: participa en la iniciativa específica de tu iglesia. | |
| 563 | _aRústico | ||
| 630 | 0 | 7 |
_aBiblia. _pProverbios |
| 650 | 7 |
_aReconciliación _xAspectos religiosos _xCristianismo _2embne _92055 |
|
| 942 | _cBK | ||
| 945 | _aJTF-925 | ||